000 00483nam a22001697a 4500
005 20251108164332.0
008 250721s9999 xx 000 0 ara d
082 1 4 _a921/غزا
100 1 _aغريب، مأمون
245 1 0 _aحجة الإسلام الإمام الغزالي /
264 1 _aالقاهرة :
_bمكتبة غريب،
_c[19-].
300 _a113 ص
650 1 7 _aالتراجم
650 1 7 _aالفلسفة الإسلامية
942 _2ddc
_cBK
999 _c9611
_d9611